000 00655nam a2200181Ia 4500
008 151202s9999||||xx |||||||||||||| ||und||
082 _bPNVM-40990
100 _aघाणेकर मुसूदन.
245 _aहस्ताक्षराचे अंतरंग.
260 _b"सुयोग प्रकाशन,पुणे."
260 _c1996
300 _a132
600 _aघाणेकर मुसूदन.
630 _aहस्ताक्षराचे अंतरंग.
700 _aघाणेकर मुसूदन.
730 _aहस्ताक्षराचे अंतरंग.
942 _cBOOK
999 _c1306942
_d1306939